Cấu trúc quần xã thực vật thuỷ sinh ở lâm ngư trường 184 Ngọc Hiển-Minh Hải : Luận văn tốt nghiệp đại học

Nội dung xác định thành phần giống loài và biến động thành phần giống loài thực vật thuỷ sinh, đánh giá năng suất sinh học của đầm nuôi.

Gespeichert in:
Bibliographische Detailangaben
1. Verfasser: Dương, Thanh Bình
Format: Buch
Sprache:Undetermined
Veröffentlicht: Cần Thơ Trường Đại học Cần Thơ 1996
Schlagworte:
Tags: Tag hinzufügen
Keine Tags, Fügen Sie den ersten Tag hinzu!
Thư viện lưu trữ: Trung tâm Học liệu Trường Đại học Cần Thơ
LEADER 00985nam a2200205Ia 4500
001 CTU_143210
008 210402s9999 xx 000 0 und d
082 |a 577.6 
082 |b B312 
100 |a Dương, Thanh Bình 
245 0 |a Cấu trúc quần xã thực vật thuỷ sinh ở lâm ngư trường 184 Ngọc Hiển-Minh Hải : 
245 0 |b Luận văn tốt nghiệp đại học 
245 0 |c Dương Thanh Bình ; Trần Chấn Bắc (Giáo viên hướng dẫn) 
260 |a Cần Thơ 
260 |b Trường Đại học Cần Thơ 
260 |c 1996 
520 |a Nội dung xác định thành phần giống loài và biến động thành phần giống loài thực vật thuỷ sinh, đánh giá năng suất sinh học của đầm nuôi. 
650 |a Aquatic ecology,Freshwater ecology 
904 |i Tuyến 
980 |a Trung tâm Học liệu Trường Đại học Cần Thơ